Statistiken für Alle Minderheiten Maltas

Klicken Sie hier um das Quiz zu spielen!

Allgemein

  • Dieses Quiz wurde 30 mal gespielt
  • Das Durchschnittsergebnis liegt bei 26 aus 35

Antwortstatistiken

BevölkerungLand% Korrekt
5,180Italien
100%
1,119Spanien
96%
991Deutschland
92%
879Frankreich
92%
2,027Russland
92%
3,985Vereinigtes Königreich
92%
719Polen
88%
1,090China
83%
100Kroatien
83%
296Tschechien
83%
188Belgien
79%
321Finnland
79%
379Griechenland
79%
213Litauen
79%
466Niederlande
79%
297Portugal
79%
2,044Bulgarien
75%
120Estland
75%
281Irland
75%
276Lettland
75%
1,262Rumänien
75%
1,085Schweden
75%
2,757Serbien
75%
338Slowakei
75%
106Slowenien
75%
896Ukraine
75%
204Dänemark
71%
332Österreich
71%
1,289Syrien
67%
1,308Ungarn
67%
819Indien
63%
3,622Libyen
63%
1,845Somalia
38%
2,407Philippinen
29%
1,057Eritrea
21%

Verteilung der Resultate

Perzentil nach korrekt beantworteten Fragen

Anzahl Personen mit jedem Resultat

Ihre Resultats-Entwicklung

Sie haben dieses Quiz noch nicht gespielt